Travels during the years 1787, 1788 and 1789 : undertaken more particularly with a view ascertaining the cultivation, wealth, resources, and national prosperity, of the kingdom of France /

Bibliographic Details
Main Author: Young, Arthur, 1741-1820
Format: Book
Language:English
Subjects:

MARC

Tag First Indicator Second Indicator Subfields
LEADER 00000cam a2200000 4500
001 in00000303913
005 20151010100114.0
008 790523s1792 enkb 00010 eng d
035 |a (OCoLC)04994814 
035 |9 ABH1229AM 
040 |a TXA  |c TXA  |d UtOrBLW 
049 |a TXAS  |c [1091193] 
090 |a DC25  |b .Y68 
100 1 |a Young, Arthur,  |d 1741-1820. 
245 1 0 |a Travels during the years 1787, 1788 and 1789 :  |b undertaken more particularly with a view ascertaining the cultivation, wealth, resources, and national prosperity, of the kingdom of France /  |c By Arthur Young. 
264 3 |a London :  |b Printed by J. Rackham for W. Richardson,  |c 1792. 
300 |a 566 pages :  |b folded frontispiece, folded maps. 
336 |a text  |b txt  |2 rdacontent 
337 |a unmediated  |b n  |2 rdamedia 
338 |a volume  |b nc  |2 rdacarrier 
650 0 |a Agriculture  |z France. 
651 0 |a France  |x Description and travel. 
999 |a MARS 
999 f f |s 4127bead-c38f-3fea-b837-1e32c3da102d  |i bd211333-70b1-35cd-8b00-b61695befe92  |t 0 
952 f f |p noncirc  |a Texas A&M University  |b College Station  |c Cushing Memorial Library & Archives  |d Cushing: Dykes (Does not check out)  |t 0  |e DC25 .Y68  |h Library of Congress classification  |i unmediated -- volume  |m A14851707696 
998 f f |a DC25 .Y68  |t 0  |l Cushing: Dykes (Does not check out)